Statistics for Guess Countries in the Shape of a Mystery Country #3

Click here to take the quiz!

General Stats

  • This quiz has been taken 106 times
    (83 since last reset)
  • The average score is 20 of 46

Answers on the Map

Answers color-coded by a green-red scale on the quiz's map according to % correct below.
 

Answer Stats

Country% Correct
United States
81%
China
74%
Russia
74%
Mexico
71%
Brazil
66%
India
63%
Guatemala
55%
Japan
55%
Mongolia
55%
Panama
52%
Peru
52%
Venezuela
52%
Colombia
50%
Honduras
50%
Nepal
50%
Cuba
48%
Democratic Republic
of the Congo
48%
Nicaragua
48%
Pakistan
48%
Bangladesh
47%
Costa Rica
47%
Ecuador
45%
North Korea
45%
South Korea
45%
Bhutan
44%
El Salvador
44%
Myanmar
44%
Belize
42%
Republic of the Congo
40%
Sri Lanka
40%
Kenya
37%
Maldives
35%
Somalia
34%
Taiwan
34%
Tanzania
34%
Ethiopia
31%
Gabon
31%
Yemen
31%
Angola
29%
Djibouti
26%
São Tomé and Príncipe
26%
South Sudan
26%
Uganda
26%
Burundi
24%
Equatorial Guinea
24%
Rwanda
24%

Score Distribution

Percentile by Number Answered

Percent of People with Each Score

Your Score History

You have not taken this quiz since the last reset